| 000 | 00961nam a22002897a 4500 | ||
|---|---|---|---|
| 003 | CHAP | ||
| 005 | 20220817041827.0 | ||
| 008 | 971013s1982 r 00010 d | ||
| 010 | _a25805 | ||
| 011 | _a26777 | ||
| 035 | _a30878 | ||
| 040 | _cCHAP | ||
| 090 | _aFolleto 7318 | ||
| 110 | _aInternational Center for Agricultural Research in the Dry Areas | ||
| 245 | _aNew dimensions for faba bean research and production in Egypt and Sudan | ||
| 260 |
_aAleppo : _bInternational Center for Agricultural Research the Dry Areas, _c1982 |
||
| 300 |
_a20 p. _b: ilus |
||
| 590 |
_aBATCH-UPD _b10 _c20130110 _lUCH01 _h0307 |
||
| 590 |
_aBATCH-UPD _b10 _c20130409 _lUCH01 _h2339 |
||
| 590 |
_aBATCH-UPD _b10 _c20130914 _lUCH01 _h1558 |
||
| 590 |
_aCONVERSION _b10 _c20130109 _lUCH01 _h1315 |
||
| 650 | 1 | 4 |
_aHaba. _952087 |
| 650 | 1 | 4 |
_aLeguminosas _xInvestigación. _965835 |
| 901 | _aBK | ||
| 942 | _cFOLL | ||
| 949 |
_aFolleto 7318 _bBC _cFOLL _d-71549 _eTS1 _i30878 _mD _si |
||
| 999 |
_c25805 _d25805 |
||